| 000 | 00718nam a2200229 i 4500 | ||
|---|---|---|---|
| 001 | 71954 | ||
| 003 | ES-MaACL | ||
| 005 | 20260217063011.0 | ||
| 007 | t| | ||
| 008 | 040820q1980 sp ||||1| spa d | ||
| 080 | _a84-7114-090-X | ||
| 100 | 0 |
_aGil-Albert, Fernando _956759 |
|
| 245 | 1 | 0 |
_aTratado de arboricultura frutal / _cpor Fernando Gil-Albert Velarde. |
| 260 |
_aMadrid : _bMundi-Prensa, _c1980- |
||
| 300 |
_a1 v. : _bil. ; _c24 cm. |
||
| 500 | _aIndice. | ||
| 504 | _aBibliografía. | ||
| 505 | 8 | _aContiene: T.I: Aspectos de la morfología y fisiología del árbol frutal | |
| 650 | 4 |
_aÁrboles frutales- _zEspaña. _9165713 |
|
| 852 |
_aES-MaACL _jP-48 _bR.113448 |
||
| 999 |
_c71954 _d71954 |
||